LEADER 01075nam0-2200337---450 001 990008420280403321 005 20210429110631.0 010 $a92-5-204873-1 035 $a000842028 035 $aFED01000842028 035 $a(Aleph)000842028FED01 035 $a000842028 100 $a20061116d2004----km-y0itay50------ba 101 0 $afre 102 $aIT 105 $ay---p---001yy 200 1 $aÉvaluation des risques liés à salmonella dans les oeufs et les poulets de chair$erésumé interpretatif$fFAO$gOMS 210 $aRoma$cFAO$cOMS$dc2004 215 $aXXV, 48 p.$d25 cm 225 1 $aSérie évaluation des risques microbiologiques$v1 610 0 $aAlimenti$aAnalisi 676 $a664.07$v20$zita 710 02$aFAO$017670 711 02$aOrganizzazione mondiale della sanità$0361629 801 0$aIT$bUNINA$gRICA$2UNIMARC 901 $aBK 912 $a990008420280403321 952 $a60 COLL. FAO 36/001$fFAGBC 959 $aFAGBC 996 $aÉvaluation des risques liés à salmonella dans les oeufs et les poulets de chair$9726187 997 $aUNINA LEADER 01344oam 2200397 a 450 001 9910697186903321 005 20230902161549.0 035 $a(CKB)5470000002385039 035 $a(OCoLC)630633702 035 $a(EXLCZ)995470000002385039 100 $a20100525d2010 ua 0 101 0 $aeng 135 $aurbn||||||||| 181 $ctxt$2rdacontent 182 $cc$2rdamedia 183 $acr$2rdacarrier 200 14$aThe economic outlook$b[electronic resource] $ehearing before the Joint Economic Committee, Congress of the United States, One Hundred Eleventh Congress, first session, April 30, 2009 210 1$aWashington :$cU.S. G.P.O,$d2010. 215 $a1 online resource (iii, 38 pages) 225 1 $aS. hrg. ;$v111-374 300 $aTitle from title screen (viewed on May 25, 2010). 320 $aIncludes bibliographical references. 517 $aEconomic outlook 606 $aFinancial crises$zUnited States 606 $aEconomic stabilization$zUnited States 607 $aUnited States$xEconomic conditions$y2009- 607 $aUnited States$xEconomic policy$y2009- 615 0$aFinancial crises 615 0$aEconomic stabilization 801 0$bGPO 801 1$bGPO 801 2$bGPO 906 $aBOOK 912 $a9910697186903321 996 $aThe economic outlook$93129303 997 $aUNINA